[Event "Tournoi Skype 032B"]
[Site "Skype"]
[Date "????.??.??"]
[Round "1.1"]
[White "Marin Gomez, Ian Javier"]
[Black "Farfallini, Michel"]
[Result "1-0"]
[WhiteElo "1442"]
[BlackElo "1642"]
[PlyCount "33"]

1. e4 e5 2. Nf3 Nc6 3. Bc4 Be7 4. Nc3 Nf6 5. d3 b6 6. O-O Bb7 7. Be3 d6 8. Qe2
Qd7 9. Rfe1 O-O-O 10. Rad1 Rhf8 11. d4 Qg4 12. h3 Qh5 13. d5 Nb8 14. Nb5 Nbd7
15. Nxa7+ Kb8 16. Nc6+ Bxc6 17. dxc6 1-0

[Event "Tournoi Skype 032B"]
[Site "Skype"]
[Date "????.??.??"]
[Round "1.2"]
[White "Pouteau, Pascal"]
[Black "Skura, Simone"]
[Result "1-0"]
[WhiteElo "1616"]
[BlackElo "1441"]
[PlyCount "39"]

1. d4 d5 2. c4 dxc4 3. Nc3 Nc6 4. Nf3 Nf6 5. e4 Bg4 6. d5 Bxf3 7. Qxf3 Ne5 8.
Qd1 e6 9. Qa4+ Qd7 10. Qxd7+ Kxd7 11. Bf4 Nd3+ 12. Bxd3 cxd3 13. e5 Nxd5 14.
Nxd5 exd5 15. O-O c5 16. b3 Be7 17. Rac1 g5 18. Bd2 d4 19. Rfe1 Rae8 20. Re4
1-0

[Event "Tournoi Skype 032B"]
[Site "Skype"]
[Date "????.??.??"]
[Round "1.3"]
[White "Ibanez, Bittor"]
[Black "Cockayne, Curtis"]
[Result "1-0"]
[WhiteElo "1440"]
[BlackElo "1615"]
[PlyCount "21"]

1. e4 e5 2. Nf3 Nf6 3. Bc4 Nxe4 4. d3 Nxf2 5. Kxf2 Qf6 6. Nc3 Bc5+ 7. Be3 Bxe3+
8. Kxe3 Qf4+ 9. Kf2 Qd4+ 10. Nxd4 exd4 11. Qe2+ 1-0

[Event "Tournoi Skype 032B"]
[Site "Skype"]
[Date "????.??.??"]
[Round "1.4"]
[White "Moumtaz, Abderrahim"]
[Black "Hernandez Lopez, Joaquin"]
[Result "1-0"]
[WhiteElo "1598"]
[BlackElo "1439"]
[PlyCount "73"]

1. d4 Nf6 2. c4 e6 3. Nc3 Be7 4. Nf3 c5 5. e4 b6 6. e5 Ng4 7. h3 Nh6 8. Bd3 Nf5
9. Be4 Nc6 10. d5 exd5 11. cxd5 Nb8 12. Bxf5 d6 13. Bxc8 Qxc8 14. Qa4+ Nd7 15.
O-O O-O 16. Re1 h6 17. e6 Nf6 18. exf7+ Rxf7 19. Bf4 Qb7 20. Qc6 Qxc6 21. dxc6
Rc8 22. Re6 Rxc6 23. Rae1 Kf8 24. Nb5 Nh5 25. Bxd6 Rxd6 26. Nxd6 Nf4 27. Nxf7
Nxe6 28. Rxe6 Kxf7 29. Rc6 Bd8 30. Ne5+ Ke7 31. Rc8 g5 32. Ra8 a5 33. Ng4 h5
34. Ne5 Bc7 35. Nf3 g4 36. hxg4 hxg4 37. Ng5 1-0

[Event "Tournoi Skype 032B"]
[Site "Skype"]
[Date "????.??.??"]
[Round "1.5"]
[White "Baker, Abi"]
[Black "Busto, Ricardo"]
[Result "1/2-1/2"]
[WhiteElo "1438"]
[BlackElo "1585"]
[PlyCount "88"]

1. g3 f5 2. Bg2 Nf6 3. f4 g6 4. Nf3 Bg7 5. O-O d5 6. b3 O-O 7. Bb2 a5 8. d4 Ne4
9. c4 Nd7 10. cxd5 Ndf6 11. Nc3 Nxc3 12. Bxc3 Nxd5 13. Bb2 Ne3 14. Qd3 Nxf1 15.
Qc4+ e6 16. Rxf1 c6 17. Ne5 Qc7 18. Rc1 Bd7 19. h4 b5 20. Qc5 Bxe5 21. dxe5 Qa7
22. Kh2 Qxc5 23. Rxc5 Rac8 24. Bf3 h5 25. Kh3 Kh7 26. a4 b4 27. Rxa5 c5 28. Ra7
Rfd8 29. a5 Kg8 30. a6 Bc6 31. Re7 Bxf3 32. exf3 Re8 33. Rb7 Rb8 34. Bc1 Rxb7
35. axb7 Rb8 36. Be3 Rxb7 37. Bxc5 Kf7 38. g4 hxg4+ 39. fxg4 Rb5 40. Bf2 Rd5
41. h5 Rd3+ 42. Kh4 gxh5 43. gxh5 Rf3 44. Kg5 Rxf2 1/2-1/2

[Event "Tournoi Skype 032B"]
[Site "Skype"]
[Date "????.??.??"]
[Round "1.6"]
[White "Scata, Laura"]
[Black "Wildt, Gerti"]
[Result "1/2-1/2"]
[WhiteElo "1583"]
[BlackElo "1438"]
[PlyCount "53"]

1. d4 Nf6 2. Nf3 g6 3. b3 Bg7 4. Bb2 O-O 5. e3 b6 6. Bc4 d5 7. Be2 Bb7 8. O-O
Nbd7 9. Nbd2 Re8 10. Ne5 a5 11. a4 c5 12. f4 Ne4 13. Nxd7 Qxd7 14. Bb5 Bc6 15.
Bd3 h5 16. Nf3 cxd4 17. exd4 Qf5 18. Ne5 Bb7 19. Bb5 Ba6 20. Bxa6 Rxa6 21. Qe2
Ra7 22. Qb5 Rc8 23. Rac1 Nd2 24. Rf2 Ne4 25. Rff1 Nd2 26. Rf2 Ne4 27. Rff1
1/2-1/2

[Event "Tournoi Skype 032B"]
[Site "Skype"]
[Date "????.??.??"]
[Round "1.7"]
[White "Grib, Jessica"]
[Black "Prieto Umba, Jairo Ovidio"]
[Result "0-1"]
[WhiteElo "1437"]
[BlackElo "1582"]
[PlyCount "76"]

1. e4 e5 2. Nf3 Nf6 3. d3 Nc6 4. Bg5 Be7 5. Be2 d5 6. Nbd2 dxe4 7. dxe4 Bg4 8.
h3 Bxf3 9. Bxf3 O-O 10. g4 Qd7 11. Rg1 Rad8 12. Qe2 Nd4 13. Qd3 Ne6 14. Qe2
Nxg5 15. Rg3 Qd4 16. c3 Qd3 17. Qxd3 Rxd3 18. O-O-O Rfd8 19. h4 Ne6 20. g5 Ne8
21. a3 Bc5 22. Rg2 Nf4 23. Rh2 a5 24. b4 axb4 25. axb4 Rxc3+ 26. Kb1 Bxb4 27.
Rhh1 Ba3 28. Ka2 Ra8 29. Nb1 Bc1+ 30. Na3 Bxa3 31. Rd7 Bc1+ 32. Kb1 Rxf3 33.
Rxc1 Ne2 34. Rcd1 Nc3+ 35. Kc2 Nxd1 36. Kxd1 Rxf2 37. Ke1 Rh2 38. Re7 Ra1# 0-1

[Event "Tournoi Skype 032B"]
[Site "Skype"]
[Date "????.??.??"]
[Round "1.8"]
[White "Hargez, Dany"]
[Black "Bledsoe, Megan"]
[Result "0-1"]
[WhiteElo "1578"]
[BlackElo "1436"]
[PlyCount "86"]

1. e4 e6 2. d4 d5 3. e5 c5 4. c3 Nc6 5. Bb5 Bd7 6. Bxc6 Bxc6 7. Nf3 Qb6 8. b3
g6 9. Bg5 Bh6 10. O-O Bxg5 11. Nxg5 Nh6 12. Nd2 cxd4 13. Ndf3 dxc3 14. Nd4 Nf5
15. Ngf3 Rc8 16. Rc1 Bb5 17. Nxb5 Qxb5 18. Rc2 O-O 19. h4 Rfd8 20. g4 Ne7 21.
h5 gxh5 22. gxh5 Nf5 23. Nh2 d4 24. Qg4+ Kf8 25. f4 Ne3 26. Qg5 Nxc2 27. Qh6+
Ke7 28. Qf6+ Kf8 29. Qh8+ Ke7 30. Qf6+ Ke8 31. Ng4 Qe2 32. Qh8+ Kd7 33. Nf6+
Kc7 34. Qxh7 d3 35. Qxf7+ Kc6 36. Qxe6+ Kc7 37. Qc4+ Kb6 38. Nd7+ Rxd7 39. Qxc8
Qg4+ 40. Kh2 d2 41. Qxc3 Qe2+ 42. Kg1 d1=Q 43. Qg3 Qdxf1# 0-1

[Event "Tournoi Skype 032B"]
[Site "Skype"]
[Date "????.??.??"]
[Round "1.9"]
[White "Diaz Yara, Jose Mauricio"]
[Black "Crocioni, Luca"]
[Result "0-1"]
[WhiteElo "1435"]
[BlackElo "1566"]
[PlyCount "90"]

1. b3 d5 2. Bb2 Bf5 3. e3 a6 4. Nf3 Nc6 5. Ne5 Nb4 6. d3 f6 7. g4 Bg6 8. Nxg6
hxg6 9. Bg2 e5 10. O-O Qd6 11. f4 O-O-O 12. Na3 exf4 13. exf4 g5 14. Qf3 Ne7
15. c4 c6 16. cxd5 Nexd5 17. Nc4 Qxf4 18. a3 Bc5+ 19. d4 Bxd4+ 20. Bxd4 Qxd4+
21. Kh1 Nf4 22. Rad1 Nbd3 23. h3 Qc5 24. Ne3 Qxa3 25. Rxd3 Rxd3 26. Qe4 Rhd8
27. Qf5+ Kb8 28. Qe4 Qxb3 29. Rf3 Qb2 30. Rxf4 gxf4 31. Qxf4+ Ka8 32. Kh2 Qc1
33. Nd5 Qxf4+ 34. Nxf4 Rd2 35. Ne6 R8d7 36. Nc5 Re7 37. Kg3 g5 38. h4 Re3+ 39.
Kh2 gxh4 40. g5 fxg5 41. Kg1 g4 42. Kf1 g3 43. Nxa6 Rf2+ 44. Kg1 Re1+ 45. Bf1
bxa6 0-1

[Event "Tournoi Skype 032B"]
[Site "Skype"]
[Date "????.??.??"]
[Round "1.10"]
[White "Duthoit, Bernard"]
[Black "Ozturk, Ozgur"]
[Result "0-1"]
[WhiteElo "1566"]
[BlackElo "1435"]
[PlyCount "122"]

1. e4 c6 2. d4 d5 3. e5 Bf5 4. Bd3 Bxd3 5. Qxd3 e6 6. Nf3 Nd7 7. Nc3 Ne7 8. Ne2
h6 9. Ng3 Qb6 10. c3 c5 11. b3 Nc6 12. O-O Be7 13. Rb1 O-O 14. h3 Rac8 15. Be3
cxd4 16. cxd4 Nb4 17. Qd2 Rc2 18. Qd1 Rxa2 19. Bd2 Rc8 20. Rc1 Rxc1 21. Qxc1
Rc2 22. Qb1 Qc7 23. Rc1 Rxc1+ 24. Qxc1 Qxc1+ 25. Bxc1 Nb8 26. Ba3 N8c6 27. Ne2
Bd8 28. Kf1 Ba5 29. h4 Bb6 30. Bxb4 Nxb4 31. Ke1 Nd3+ 32. Kf1 Kf8 33. Nd2 Ba5
34. Nb1 Bb4 35. Nbc3 a6 36. Na2 Ba5 37. Nec3 Bb6 38. Ke2 Nf4+ 39. Kf3 Ng6 40.
g3 Bxd4 41. h5 Nxe5+ 42. Kf4 Nd3+ 43. Kf3 Nxf2 44. Ne2 Ba7 45. Nac3 Nh3 46. Kg2
Ng5 47. Nf4 d4 48. Nce2 d3 49. Nxd3 Ne4 50. Nec1 f5 51. Kf3 Bb8 52. g4 Kf7 53.
b4 Ng5+ 54. Kg2 fxg4 55. Nc5 Bd6 56. Nxb7 Bxb4 57. Nb3 Kf6 58. N7c5 Bxc5 59.
Nxc5 a5 60. Nb3 a4 61. Nc1 a3 0-1

[Event "Tournoi Skype 032B"]
[Site "Skype"]
[Date "????.??.??"]
[Round "1.12"]
[White "Ponz Lazaro, Ruperto"]
[Black "Lai, Mattia"]
[Result "1-0"]
[WhiteElo "1558"]
[BlackElo "1424"]
[PlyCount "70"]

1. d4 Nf6 2. Nf3 g6 3. Bf4 Bg7 4. e3 d6 5. c3 Bf5 6. Nbd2 Nbd7 7. Nh4 Bg4 8. f3
Be6 9. e4 c5 10. d5 Nxd5 11. exd5 Bxd5 12. Nc4 e5 13. Bg3 O-O 14. Qxd5 Qg5 15.
Qd2 Qf6 16. Qxd6 Qd8 17. O-O-O Re8 18. Qxd7 Qg5+ 19. Qd2 Qf6 20. Bd3 e4 21.
fxe4 Rad8 22. Qe2 Qg5+ 23. Kc2 b5 24. Nf3 Qg4 25. Ne3 Qd7 26. Bc4 Qb7 27. Bd5
Qb6 28. Ng5 Rxd5 29. Nxd5 Qd6 30. Bxd6 c4 31. Bb4 a5 32. Bxa5 Ra8 33. Bb4 Rxa2
34. Ba3 b4 35. Nxb4 Rxb2+ 1-0

[Event "Tournoi Skype 032B"]
[Site "Skype"]
[Date "????.??.??"]
[Round "1.13"]
[White "Bolanos Ocampo, Sandra"]
[Black "Sauvaget, Joel"]
[Result "0-1"]
[WhiteElo "1423"]
[BlackElo "1553"]
[PlyCount "106"]

1. d4 d5 2. c4 dxc4 3. Nc3 c6 4. e3 Nf6 5. Bxc4 e6 6. Nf3 Be7 7. e4 Nbd7 8. Bg5
h6 9. Bh4 O-O 10. O-O Re8 11. Re1 Nf8 12. e5 Nd5 13. Ne4 Bxh4 14. Nxh4 Qxh4 15.
Qf3 f6 16. g3 Qh3 17. Bf1 Qf5 18. Qe2 Rd8 19. Rad1 a6 20. Bg2 Nh7 21. Rd3 Ng5
22. Nxg5 Qxg5 23. Rf3 Bd7 24. Qe4 f5 25. Qd3 Rf8 26. h4 Qg6 27. Qb3 Rab8 28. a4
Rf7 29. Qc2 Rd8 30. Rb3 Bc8 31. a5 Rfd7 32. Rd3 Nb4 33. Qc3 Nxd3 34. Qxd3 Rxd4
35. Qc2 Qf7 36. Qe2 Qf8 37. Qf3 Qb4 38. Qe3 Rd2 39. Kh2 Qxb2 40. Rf1 Rd1 41.
Kh3 Rxf1 42. Bxf1 Rd2 43. Qf3 Qd4 44. Bg2 Ra2 45. Qh5 Qd7 46. Bf3 Rxa5 47. Be2
Ra2 48. Bc4 Rd2 49. f4 b5 50. g4 bxc4 51. g5 hxg5 52. hxg5 Qd3+ 53. Kh4 Rh2#
0-1

[Event "Tournoi Skype 032B"]
[Site "Skype"]
[Date "????.??.??"]
[Round "1.14"]
[White "Hernandez Monzon, Alejandro"]
[Black "Schuh, David"]
[Result "1-0"]
[WhiteElo "1552"]
[BlackElo "1422"]
[PlyCount "49"]

1. e4 e6 2. b3 d5 3. exd5 exd5 4. d3 Be6 5. Bb2 Nf6 6. f3 Nbd7 7. d4 c5 8. Ne2
Bd6 9. Qd2 Qc7 10. g3 O-O 11. Nbc3 a5 12. Nb5 Qc6 13. Nxd6 Qxd6 14. Ba3 Rfc8
15. Nc3 Qc6 16. Bb5 Qb6 17. Bxd7 Nxd7 18. dxc5 Nxc5 19. O-O-O a4 20. b4 Nd7 21.
Nxd5 Qd6 22. Nf6+ Nxf6 23. Qxd6 Bf5 24. Rd2 Rc6 25. Qd8+ 1-0

[Event "Tournoi Skype 032B"]
[Site "Skype"]
[Date "????.??.??"]
[Round "1.15"]
[White "Hernandez, Ivan"]
[Black "Ahrens, Melanie"]
[Result "1-0"]
[WhiteElo "1413"]
[BlackElo "1550"]
[PlyCount "121"]

1. e4 e6 2. e5 d5 3. d4 c5 4. Be3 Nc6 5. Bb5 cxd4 6. Bxd4 Bd7 7. Bxc6 Bxc6 8.
Nc3 f6 9. Qd3 Qc7 10. exf6 Nxf6 11. O-O-O Qe7 12. Nge2 Bd7 13. Bxf6 Qxf6 14.
Qd4 Be7 15. f4 O-O 16. g4 Qxd4 17. Rxd4 Rac8 18. g5 Bc5 19. Rd3 Bb5 20. Nxb5 a6
21. Nbd4 Rfe8 22. Rf1 e5 23. fxe5 Rxe5 24. h4 Re4 25. h5 Rce8 26. h6 gxh6 27.
gxh6 b5 28. Rg3+ Kh8 29. Rf4 Rxf4 30. Nxf4 Re1+ 31. Kd2 Re4 32. Nxd5 Rxd4+ 33.
Rd3 Rxd3+ 34. Kxd3 Kg8 35. c3 Kf7 36. Nf4 Kf6 37. c4 Kg5 38. Ne6+ Kxh6 39. Nxc5
Kg7 40. Nxa6 h5 41. c5 Kf7 42. c6 Ke7 43. c7 Kd7 44. Kd4 h4 45. Nc5+ Kc8 46.
Ne4 Kxc7 47. Kc5 h3 48. Nf2 h2 49. Kxb5 Kd6 50. a4 Ke5 51. a5 Kf4 52. a6 Kf3
53. Nh1 Kg2 54. a7 Kxh1 55. a8=Q+ Kg1 56. Qg8+ Kh1 57. Qd5+ Kg1 58. Kc6 h1=Q
59. Qxh1+ Kxh1 60. b4 Kg2 61. b5 1-0

[Event "Tournoi Skype 032B"]
[Site "Skype"]
[Date "????.??.??"]
[Round "1.16"]
[White "Borg, Anthony"]
[Black "Guillen Andrinal, Pablo"]
[Result "1-0"]
[WhiteElo "1548"]
[BlackElo "1411"]
[PlyCount "47"]

1. d4 d5 2. e3 e6 3. Nd2 Nc6 4. c4 e5 5. cxd5 Qxd5 6. Bc4 Qd8 7. d5 Nb8 8. Ne4
c6 9. d6 Bf5 10. Qh5 g6 11. Qf3 Bxe4 12. Qxe4 Qxd6 13. Nf3 f5 14. Qc2 b5 15.
Be2 Nf6 16. O-O Bg7 17. Rd1 Qe7 18. a4 O-O 19. axb5 c5 20. Qc4+ Kh8 21. Ng5 Rd8
22. Nf7+ Kg8 23. Nxd8+ Kf8 24. Ne6+ 1-0

[Event "Tournoi Skype 032B"]
[Site "Skype"]
[Date "????.??.??"]
[Round "1.17"]
[White "De Souza, Luciano"]
[Black "Codina, Teresa"]
[Result "1/2-1/2"]
[WhiteElo "1407"]
[BlackElo "1548"]
[PlyCount "72"]

1. d4 d5 2. c4 e6 3. Nf3 Nf6 4. g3 c6 5. Nbd2 Be7 6. Bg2 O-O 7. O-O Nbd7 8. Qc2
b6 9. e4 dxe4 10. Nxe4 Bb7 11. Nxf6+ Nxf6 12. Ne5 Qxd4 13. Nxc6 Bxc6 14. Bxc6
Rac8 15. Rd1 Qg4 16. Qa4 h5 17. Be3 Bc5 18. Bxc5 bxc5 19. Bg2 h4 20. h3 Qe2 21.
g4 Qxb2 22. Qxa7 Qb4 23. a4 Qxc4 24. Bf1 Qc2 25. a5 Ra8 26. Rdc1 Rxa7 27. Rxc2
Rc8 28. a6 Nd5 29. Ra5 Nb4 30. Rcxc5 Rxc5 31. Rxc5 Nxa6 32. Ra5 f6 33. Rxa6
Rxa6 34. Bxa6 e5 35. f3 Kf7 36. Kf2 g5 1/2-1/2

[Event "Tournoi Skype 032B"]
[Site "Skype"]
[Date "????.??.??"]
[Round "1.18"]
[White "Castanha, Marco"]
[Black "Schnell, Nicolas"]
[Result "1-0"]
[WhiteElo "1547"]
[BlackElo "1403"]
[PlyCount "97"]

1. e4 e5 2. Nf3 d6 3. Bc4 Nf6 4. d3 Nc6 5. c3 Ng4 6. h3 Nf6 7. O-O Be7 8. Nbd2
Nh5 9. Bxf7+ Kxf7 10. Ng5+ Bxg5 11. Qxh5+ Ke6 12. Nf3 Bf6 13. Ng5+ Kd7 14. Qf7+
Ne7 15. Ne6 Qg8 16. Qxg8 Nxg8 17. Ng5 Ne7 18. Nf3 Ke8 19. c4 Nc6 20. Be3 b6 21.
d4 exd4 22. Bf4 d3 23. Rab1 Rf8 24. Bh2 Bd7 25. Rfd1 Nb4 26. a3 a5 27. Ne1 Bh4
28. axb4 Bxf2+ 29. Kh1 Be3 30. Nxd3 axb4 31. Nxb4 Ra4 32. Nd5 Rxc4 33. Nxe3
Rxe4 34. Nd5 Kd8 35. Nc3 Re3 36. Ra1 Bc6 37. Rf1 Rfe8 38. Rf7 Rxh3 39. Rxg7
Rhe3 40. Rf1 Rd3 41. Bf4 Rh3+ 42. Kg1 Rf8 43. Bg5+ Kc8 44. Rxf8+ Kb7 45. Bf4
Rh4 46. Bxd6 Rc4 47. Bxc7 h5 48. Bb8+ Ka6 49. Ra7# 1-0

[Event "Tournoi Skype 032B"]
[Site "Skype"]
[Date "????.??.??"]
[Round "1.19"]
[White "Roberge, Yves"]
[Black "Cengiz, Ali Ekber"]
[Result "0-1"]
[WhiteElo "1401"]
[BlackElo "1544"]
[PlyCount "54"]

1. e4 e5 2. Nf3 Nc6 3. Be2 Nf6 4. d3 d5 5. exd5 Qxd5 6. Nc3 Qd8 7. Be3 Be7 8.
Qd2 Bf5 9. O-O-O O-O 10. g4 Nxg4 11. h3 Nxe3 12. Qxe3 Bf6 13. Rhg1 g6 14. d4
exd4 15. Nxd4 Nxd4 16. Kb1 Bxc2+ 17. Ka1 Bxd1 18. Bxd1 Re8 19. Ne4 Bg7 20. Ng5
Rxe3 21. fxe3 Ne6 22. Rf1 Nxg5 23. h4 Ne4 24. h5 gxh5 25. Bxh5 Ng5 26. Rd1 Qf6
27. a3 Qxb2# 0-1

[Event "Tournoi Skype 032B"]
[Site "Skype"]
[Date "????.??.??"]
[Round "1.20"]
[White "Hernandez, Enrique"]
[Black "Aghaee, Shirin"]
[Result "1-0"]
[WhiteElo "1543"]
[BlackElo "1400"]
[PlyCount "91"]

1. d4 d5 2. c4 c6 3. Nc3 Nf6 4. Bg5 h6 5. Bh4 b6 6. Bxf6 exf6 7. e3 Bf5 8. cxd5
cxd5 9. Bb5+ Bd7 10. Bd3 Bb4 11. Qc2 f5 12. Nge2 Qf6 13. O-O O-O 14. Nxd5 Qc6
15. Nxb4 Qxc2 16. Nxc2 Re8 17. Nb4 a5 18. Nd5 Bc6 19. Nc7 Nd7 20. Bxf5 Nf6 21.
Nxe8 Rxe8 22. Rac1 Bb5 23. Rfe1 g6 24. Bb1 h5 25. Nc3 Bc6 26. Rcd1 Rd8 27. f3
b5 28. e4 Ne8 29. d5 Bd7 30. a3 b4 31. axb4 axb4 32. Ne2 Ba4 33. Rd4 Nd6 34.
Rxb4 Bb5 35. Nc3 Be8 36. e5 Nf5 37. Bxf5 gxf5 38. d6 Bd7 39. Nd5 Kg7 40. Nf4
Rh8 41. h4 f6 42. e6 Be8 43. Rb7+ Kh6 44. Rb8 Kg7 45. Rc1 Kh7 46. Rc7+ 1-0

[Event "Tournoi Skype 032B"]
[Site "Skype"]
[Date "????.??.??"]
[Round "1.21"]
[White "Alesse, Samuel"]
[Black "Mira Poveda, Jose Antonio"]
[Result "0-1"]
[WhiteElo "1400"]
[BlackElo "1542"]
[PlyCount "78"]

1. d4 Nf6 2. Bf4 d6 3. h3 Nc6 4. c3 Nd5 5. Bg3 e5 6. dxe5 dxe5 7. c4 Bb4+ 8.
Nd2 Nf6 9. e3 Ne4 10. Ngf3 O-O 11. Be2 Re8 12. a3 Bxd2+ 13. Nxd2 Nxg3 14. fxg3
Qg5 15. O-O Qxg3 16. Qb3 Bxh3 17. Rf2 b6 18. c5 Be6 19. Bc4 Na5 20. Qc3 Nxc4
21. Nxc4 Bxc4 22. Qxc4 Re7 23. Raf1 Qxe3 24. Kh1 Qh6+ 25. Kg1 Rf8 26. cxb6 Qxb6
27. Kh1 Re6 28. Qd5 c6 29. Qd7 Rh6+ 30. Kg1 f6 31. Qe6+ Kh8 32. Rc1 Rd8 33. g4
f5 34. Qxf5 Rf6 35. Qc2 Qe3 36. Kg2 Rxf2+ 37. Qxf2 Qxc1 38. Kh3 Rd3+ 39. Kh4
Qh6# 0-1

[Event "Tournoi Skype 032B"]
[Site "Skype"]
[Date "????.??.??"]
[Round "1.22"]
[White "Bucherie, Volcy"]
[Black "Bendre, Nilesh"]
[Result "0-1"]
[WhiteElo "1538"]
[BlackElo "1400"]
[PlyCount "116"]

1. Nf3 Nc6 2. g3 d5 3. Bg2 e5 4. d4 e4 5. O-O exf3 6. Bxf3 Bh3 7. Bg2 Bxg2 8.
Kxg2 Nf6 9. c4 Be7 10. Nc3 O-O 11. cxd5 Nxd5 12. e4 Nf6 13. e5 Nd7 14. Nd5 Nb4
15. Nxe7+ Qxe7 16. a3 Nc6 17. Bf4 Qd8 18. d5 Ncxe5 19. d6 g5 20. dxc7 Qxc7 21.
Rc1 Qd8 22. Bxe5 Nxe5 23. Rc5 Qf6 24. Qd5 Rfe8 25. Qxb7 Reb8 26. Qc7 Qf3+ 27.
Kh3 Qh5+ 28. Kg2 Qf3+ 29. Kh3 Ng6 30. Rxg5 Rxb2 31. Qe5 Rxf2 32. Rg1 Re2 33.
Qf4 Qe3 34. Rf1 Rf8 35. Rf3 Qg1 36. Rf1 Qxh2+ 37. Kg4 Qg2 38. Rf3 Re1 39. Rf2
Qh1 40. Qd4 Re4+ 41. Qxe4 Qxe4+ 42. Rf4 Qe2+ 43. Rf3 Kh8 44. Ra5 Ne5+ 45. Kf4
Nxf3 46. Rxa7 Ng1 47. a4 Qf3+ 48. Ke5 Rd8 49. a5 Qd5+ 50. Kf6 Qd4+ 51. Kxf7
Qxa7+ 52. Kf6 Qxa5 53. g4 Rd5 54. Ke6 Re5+ 55. Kf6 Rg5 56. Kf7 Qa6 57. Ke7 Rg7+
58. Kf8 Qa8# 0-1

[Event "Tournoi Skype 032B"]
[Site "Skype"]
[Date "????.??.??"]
[Round "1.23"]
[White "Capanema, Gleber"]
[Black "Rodriguez, Nathalie"]
[Result "1-0"]
[WhiteElo "1400"]
[BlackElo "1537"]
[PlyCount "87"]

1. d4 d5 2. c4 Be6 3. Nf3 h6 4. Qc2 c6 5. Nbd2 Nf6 6. g3 Na6 7. Bg2 Nb4 8. Qb3
Qb6 9. a3 Na6 10. Qxb6 axb6 11. cxd5 Bxd5 12. O-O e6 13. Ne5 Be7 14. Re1 c5 15.
e4 Bc6 16. Nxc6 bxc6 17. e5 Nd7 18. Bxc6 Rc8 19. Bb7 Rc7 20. Bxa6 cxd4 21. Nf3
O-O 22. Nxd4 Rc5 23. Nf3 Ra8 24. Bd3 f6 25. Be3 Rc7 26. Bf4 fxe5 27. Nxe5 Nc5
28. Be4 Nxe4 29. Rxe4 Rc2 30. Ng6 Bc5 31. Be3 Re8 32. Bxc5 bxc5 33. Ne5 Rf8 34.
f4 Rd8 35. Rc4 Re2 36. Ng4 Rdd2 37. Rxc5 Rg2+ 38. Kf1 h5 39. Ne3 Rgf2+ 40. Kg1
Rxh2 41. Rac1 Rde2 42. R5c2 Rxc2 43. Rxc2 Rh3 44. Kg2 1-0

[Event "Tournoi Skype 032B"]
[Site "Skype"]
[Date "????.??.??"]
[Round "1.24"]
[White "Battaglia, Gabriele"]
[Black "Cisterna, Manuel"]
[Result "1-0"]
[WhiteElo "1535"]
[BlackElo "1400"]
[PlyCount "31"]

1. c4 d5 2. cxd5 Qxd5 3. Nc3 Qd8 4. Nf3 e6 5. e4 Bb4 6. Qc2 Nf6 7. a3 Bc5 8. b4
Bb6 9. Bc4 Ng4 10. O-O Bxf2+ 11. Rxf2 Nxf2 12. Kxf2 O-O 13. Bb2 Nc6 14. Ne2 b6
15. Qc3 a5 16. Qxg7# 1-0

[Event "Tournoi Skype 032B"]
[Site "Skype"]
[Date "????.??.??"]
[Round "1.25"]
[White "Clavero, Maria"]
[Black "Guevara, Lizbeth"]
[Result "0-1"]
[WhiteElo "1400"]
[BlackElo "1534"]
[PlyCount "28"]

1. Nf3 d5 2. b3 Bf5 3. Bb2 Nd7 4. e3 c6 5. d4 Ngf6 6. Bd3 e6 7. O-O Bd6 8. Ne5
Qc7 9. Nxd7 Bxh2+ 10. Kh1 Ng4 11. Bxf5 exf5 12. Nd2 Qxd7 13. Nf3 Qd6 14. Nxh2
Qxh2# 0-1

[Event "Tournoi Skype 032B"]
[Site "Skype"]
[Date "????.??.??"]
[Round "1.26"]
[White "Le Bouill, Pierre"]
[Black "Coraza, Diana"]
[Result "1-0"]
[WhiteElo "1534"]
[BlackElo "1400"]
[PlyCount "69"]

1. Nf3 e6 2. d4 Nc6 3. c3 d5 4. h3 Nf6 5. Bf4 Be7 6. e3 O-O 7. Be2 Nh5 8. Be5
f6 9. Bh2 e5 10. dxe5 fxe5 11. O-O e4 12. Nd4 Bh4 13. Bxh5 Bxf2+ 14. Rxf2 Rxf2
15. Kxf2 Ne5 16. Bxe5 Bd7 17. Bg4 Qf8+ 18. Kg1 Be8 19. Nd2 c5 20. Ne6 Qe7 21.
Bh2 Bd7 22. Nf4 Rf8 23. Bxd7 Qxd7 24. Qg4 Qxg4 25. hxg4 Rd8 26. Nb3 c4 27. Nd4
g5 28. Nfe6 Rd6 29. Nxg5 h6 30. Nge6 Kf7 31. Bxd6 Kf6 32. Rf1+ Kg6 33. Nf8+ Kg5
34. Rf4 h5 35. Nde6+ 1-0

[Event "Tournoi Skype 032B"]
[Site "Skype"]
[Date "????.??.??"]
[Round "1.27"]
[White "Costa, Silveria"]
[Black "Radice, Marco"]
[Result "0-1"]
[WhiteElo "1400"]
[BlackElo "1534"]
[PlyCount "62"]

1. e4 c5 2. Bc4 d6 3. d3 Nf6 4. Nc3 Nc6 5. Bf4 e6 6. Nf3 Be7 7. O-O O-O 8. Nd4
Nxd4 9. a4 a6 10. Bg5 b6 11. e5 dxe5 12. Qd2 Bb7 13. Qe3 Nxc2 14. Qxe5 Nxa1 15.
Rxa1 Ng4 16. Qf4 Nxh2 17. Kxh2 Bxg5 18. Qf3 Qd6+ 19. Qg3 Bf4 20. Qxf4 Qxf4+ 21.
Kg1 Qg5 22. Kf1 Qxg2+ 23. Ke2 e5 24. Nd5 Bxd5 25. Bxd5 Qxd5 26. Kd2 e4 27. Ke2
exd3+ 28. Kd2 Rfe8 29. b3 Re2+ 30. Kc1 Qxb3 31. f4 Qc2# 0-1

[Event "Tournoi Skype 032B"]
[Site "Skype"]
[Date "????.??.??"]
[Round "1.28"]
[White "Parrales, Rodolfo"]
[Black "Coutellier, Olivia"]
[Result "1-0"]
[WhiteElo "1533"]
[BlackElo "1400"]
[PlyCount "111"]

1. e4 e5 2. Nf3 d6 3. d4 Nc6 4. Bc4 Qe7 5. Nc3 Bg4 6. Nd5 Qd7 7. dxe5 dxe5 8.
Qd3 Nf6 9. Ng5 h6 10. Nxf6+ gxf6 11. Qxd7+ Bxd7 12. Nf3 O-O-O 13. Bd2 Bg4 14.
O-O-O f5 15. h3 Bh5 16. Rhe1 Bc5 17. exf5 f6 18. g4 Be8 19. Re2 Rh7 20. Bg8
Rhd7 21. Be6 Kb8 22. Bxd7 Bxd7 23. Bxh6 Rh8 24. Bg7 Rxh3 25. Rxd7 Kc8 26. Rd1
Rxf3 27. Bxf6 Bxf2 28. Rxe5 Be3+ 29. Kb1 Nd4 30. Re8+ Kd7 31. Rxe3 Rxe3 32.
Bxd4 Re4 33. g5 b6 34. Bxb6+ Kc6 35. Bxa7 Re5 36. f6 Rxg5 37. Rf1 Rg8 38. f7
Rf8 39. Bd4 Kd5 40. Bg7 Ra8 41. f8=Q Rxf8 42. Rxf8 c5 43. Re8 Kd6 44. Kc1 Kd7
45. Re4 Kd6 46. Kd2 Kd5 47. Re3 Kc4 48. Bf8 Kd5 49. Kc3 c4 50. Re7 Kc5 51. Re5+
Kc6 52. Kxc4 Kd7 53. Kc5 Kc7 54. Rd5 Kc8 55. Kb6 Kb8 56. Rd8# 1-0

[Event "Tournoi Skype 032B"]
[Site "Skype"]
[Date "????.??.??"]
[Round "1.29"]
[White "Davanzo, Luca"]
[Black "Vincent, Andre"]
[Result "1/2-1/2"]
[WhiteElo "1400"]
[BlackElo "1533"]
[PlyCount "49"]

1. e4 c5 2. Nf3 Nc6 3. d4 cxd4 4. Nxd4 e5 5. Nb5 Nf6 6. N1c3 a6 7. Na3 Bb4 8.
Bg5 h6 9. Bxf6 Qxf6 10. Bd3 O-O 11. O-O Bxc3 12. bxc3 d6 13. Re1 b5 14. c4 b4
15. Nb1 a5 16. Nd2 Be6 17. h3 Rfb8 18. Re3 a4 19. Rg3 Kh7 20. Bf1 Ne7 21. a3 b3
22. cxb3 axb3 23. Nxb3 Nc8 24. Nd2 Rb2 25. Rb1 1/2-1/2

[Event "Tournoi Skype 032B"]
[Site "Skype"]
[Date "????.??.??"]
[Round "1.32"]
[White "Barrera Mendoza, Carlos"]
[Black "Facco Comunello, Lorenzo"]
[Result "1-0"]
[WhiteElo "1521"]
[BlackElo "1400"]
[PlyCount "59"]

1. e4 e5 2. Nf3 Nc6 3. Nc3 Nf6 4. Bb5 Bb4 5. a3 Ba5 6. O-O O-O 7. d3 d6 8. h3
Ne7 9. Ne2 h6 10. Nh4 Be6 11. d4 c6 12. Bd3 Bb6 13. c3 Nc8 14. Nf3 exd4 15.
cxd4 d5 16. Ng3 dxe4 17. Nxe4 Nxe4 18. Bxe4 Bd5 19. Re1 Bxe4 20. Rxe4 Qd5 21.
Re5 Qc4 22. b3 Qa6 23. Bd2 Bc7 24. Re1 Bd6 25. Ne5 Rd8 26. Qg4 Kf8 27. Nd7+ Kg8
28. Bxh6 g6 29. Nf6+ Kh8 30. Qh4 1-0

[Event "Tournoi Skype 032B"]
[Site "Skype"]
[Date "????.??.??"]
[Round "1.33"]
[White "Gerbaux, Regis"]
[Black "Marroquin Mayhua, Silvia"]
[Result "1/2-1/2"]
[WhiteElo "1400"]
[BlackElo "1519"]
[PlyCount "60"]

1. e4 d6 2. d4 e6 3. Nf3 Be7 4. Nc3 c6 5. Bc4 Bf6 6. e5 d5 7. Bb3 Be7 8. O-O
Nd7 9. Ne2 b6 10. c4 Ba6 11. cxd5 cxd5 12. Re1 Bb4 13. Nc3 Bxc3 14. bxc3 h6 15.
Ba3 b5 16. Rc1 Rc8 17. Qe2 Nb6 18. Nd2 Ne7 19. Bc5 Ng6 20. g3 Ra8 21. a4 Qd7
22. Ba2 Nxa4 23. Bb1 Nxc5 24. dxc5 Qc6 25. Nb3 b4 26. Bd3 Bxd3 27. Qxd3 a5 28.
cxb4 axb4 29. Nd4 Qa6 30. Qxa6 Rxa6 1/2-1/2

[Event "Tournoi Skype 032B"]
[Site "Skype"]
[Date "????.??.??"]
[Round "1.34"]
[White "Roberts, Mario"]
[Black "Guzman Diaz, Valeria"]
[Result "1-0"]
[WhiteElo "1519"]
[BlackElo "1400"]
[PlyCount "47"]

1. c4 b6 2. Nf3 Bb7 3. Nc3 c5 4. g3 d6 5. Bg2 Nd7 6. O-O Ngf6 7. d3 g6 8. Ng5
h6 9. Bxb7 Rb8 10. Nxf7 Kxf7 11. Bd5+ Ke8 12. Bc6 a6 13. Qc2 h5 14. d4 Rg8 15.
Nd5 Ng4 16. h3 Nh6 17. Nf4 Qc7 18. Qe4 Rc8 19. d5 h4 20. Ne6 Qa7 21. Nxf8 Rxf8
22. Bxh6 Rf6 23. Bg5 Rf5 24. Qxe7# 1-0